English Football Teams by First 2 Letters - Statistics

General Stats
  • This quiz has been taken 173 times
  • The average score is 73 of 92
Answer Stats
Answer % Correct
Arsenal
97%
Macclesfield Town
97%
Manchester City
97%
Manchester United
97%
Mansfield Town
97%
Lincoln City
96%
Liverpool
96%
Bradford City
95%
Brentford
95%
Brighton and Hove Albion
95%
Bristol City
95%
Bristol Rovers
95%
Charlton Athletic
94%
Chelsea
94%
Cheltenham Town
94%
Bolton Wanderers
93%
Bournemouth
93%
Cambridge United
93%
Cardiff City
93%
Carlisle United
93%
Burnley
91%
Burton Albion
91%
Bury
91%
Leeds United
91%
Leicester City
91%
Birmingham City
90%
Portsmouth
90%
Port Vale
90%
Newcastle United
88%
Newport County
88%
Northampton Town
88%
Norwich City
88%
Nottingham Forest
88%
Notts County
88%
West Bromwich Albion
88%
West Ham United
88%
Aston Villa
87%
Colchester United
87%
Coventry City
87%
Middlesbrough
86%
Millwall
86%
Milton Keynes Dons
86%
Barnsley
84%
Derby County
84%
Southampton
84%
Southend United
84%
Tottenham Hotspur
82%
Crawley Town
81%
Crewe Alexandria
81%
Crystal Palace
81%
Sunderland
81%
Walsall
81%
Watford
81%
Everton
80%
Wolverhampton Wanderers
80%
Blackburn Rovers
79%
Blackpool
79%
Fulham
79%
Wigan Athletic
78%
Wimbledon
78%
Accrington Stanley
75%
Huddersfield Town
75%
Hull City
75%
Doncaster Rovers
74%
Stevenage
74%
Stoke City
74%
Morecambe
71%
Queens Park Rangers
69%
Rochdale
69%
Rotherham United
69%
Sheffield United
69%
Sheffield Wednesday
69%
Shrewsbury Town
69%
Reading
67%
Swansea City
67%
Swindon Town
67%
Forest Green Rovers
65%
Luton Town
65%
Peterborough United
64%
Ipswich Town
60%
Plymouth Argyle
60%
Gillingham
57%
Preston North End
56%
Yeovil Town
55%
Oldham Athletic
53%
Fleetwood Town
50%
Grimsby Town
50%
Exeter City
48%
Tranmere Rovers
47%
Wycombe Wanderers
45%
Oxford United
40%
Scunthorpe United
33%
No matching quizzes found
Score Distribution
Percent of People with Each Score
Percentile by Number Answered
Your Score History
You have not taken this quiz